Southville International School and Colleges
Your cart is empty.
  • Cart
  • Lists
    Public lists Eva Luna New books Lux_list list_1
    Your lists Log in to create your own lists
  • Log in to your account
  • Your cookies
  • Search history
Southville International School and Colleges
  • Advanced search
  • Recent comments
  • Most popular
  • Libraries

Log in to your account

Log in with GOOGLE


If you do not have an external account, but do have a local account, you can still log in:

  1. Home
  2. MARC view: Key concepts in strategic management /
Normal view MARC view ISBD view

Key concepts in strategic management / (Record no. 2993)

[ view plain ]
MARC details
000 -LEADER
fixed length control field 01447cam a22003614a 4500
001 - CONTROL NUMBER
control field 13436610
003 - CONTROL NUMBER IDENTIFIER
control field OSt
005 - DATE AND TIME OF LATEST TRANSACTION
control field 20140310181746.0
008 - FIXED-LENGTH DATA ELEMENTS--GENERAL INFORMATION
fixed length control field 031217s2004 enka bd 001 0 eng
010 ## - LIBRARY OF CONGRESS CONTROL NUMBER
LC control number 2003070657
020 ## - INTERNATIONAL STANDARD BOOK NUMBER
International Standard Book Number 1403921350 (pbk.)
040 ## - CATALOGING SOURCE
Original cataloging agency DLC
Transcribing agency DLC
Modifying agency DLC
042 ## - AUTHENTICATION CODE
Authentication code pcc
050 00 - LIBRARY OF CONGRESS CALL NUMBER
Classification number HD 30.28
Item number .S913 2004
082 00 - DEWEY DECIMAL CLASSIFICATION NUMBER
Classification number IB 658.401203
Item number Su8 2004
100 1# - MAIN ENTRY--PERSONAL NAME
Personal name Sutherland, Jonathan.
245 10 - TITLE STATEMENT
Title Key concepts in strategic management /
Statement of responsibility, etc Jonathan Sutherland and Diane Canwell.
260 ## - PUBLICATION, DISTRIBUTION, ETC. (IMPRINT)
Place of publication, distribution, etc Houndmills, Basingstoke, Hampshire ;
-- New York :
Name of publisher, distributor, etc Palgrave Macmillan,
Date of publication, distribution, etc 2004.
300 ## - PHYSICAL DESCRIPTION
Extent ix, 294 p. :
Other physical details ill. ;
Dimensions 22 cm.
440 #0 - SERIES STATEMENT/ADDED ENTRY--TITLE
Title Palgrave key concepts
504 ## - BIBLIOGRAPHY, ETC. NOTE
Bibliography, etc Includes bibliographical references and index.
521 ## - TARGET AUDIENCE NOTE
Source Lexile
562 ## - COPY AND VERSION IDENTIFICATION NOTE
Number of copies For circulation. 1 copy in the collection
650 #0 - SUBJECT ADDED ENTRY--TOPICAL TERM
Topical term or geographic name as entry element Strategic planning
Form subdivision Dictionaries.
700 1# - ADDED ENTRY--PERSONAL NAME
Personal name Canwell, Diane.
856 42 - ELECTRONIC LOCATION AND ACCESS
Materials specified Contributor biographical information
Uniform Resource Identifier <a href="http://www.loc.gov/catdir/bios/hol059/2003070657.html">http://www.loc.gov/catdir/bios/hol059/2003070657.html</a>
856 42 - ELECTRONIC LOCATION AND ACCESS
Materials specified Publisher description
Uniform Resource Identifier <a href="http://www.loc.gov/catdir/description/hol053/2003070657.html">http://www.loc.gov/catdir/description/hol053/2003070657.html</a>
856 41 - ELECTRONIC LOCATION AND ACCESS
Materials specified Table of contents
Uniform Resource Identifier <a href="http://www.loc.gov/catdir/toc/hol051/2003070657.html">http://www.loc.gov/catdir/toc/hol051/2003070657.html</a>
906 ## - LOCAL DATA ELEMENT F, LDF (RLIN)
a 7
b cbc
c orignew
d 1
e ocip
f 20
g y-gencatlg
942 ## - ADDED ENTRY ELEMENTS (KOHA)
Source of classification or shelving scheme Library of Congress Classification
Koha item type Books
Holdings
Withdrawn status Lost status Source of classification or shelving scheme Damaged status Home library Current library Shelving location Date acquired Total Checkouts Full call number Barcode Date last seen Copy number Price effective from Koha item type
    Library of Congress Classification   Luxembourg Library Luxembourg Library International Baccalaureate Section 06/22/2013   HD 30.28 .S913 2004 15824 08/13/2013 1 06/22/2013 Books

Key concepts in strategic management /

APA

Sutherland J., Canwell D., . (2004). Key concepts in strategic management. Houndmills, Basingstoke, Hampshire: Palgrave Macmillan.

Chicago

Sutherland Jonathan, Canwell Diane, . 2004. Key concepts in strategic management. Houndmills, Basingstoke, Hampshire: Palgrave Macmillan.

Harvard

Sutherland J., Canwell D., . (2004). Key concepts in strategic management. Houndmills, Basingstoke, Hampshire: Palgrave Macmillan.

MLA

Sutherland Jonathan, Canwell Diane, . Key concepts in strategic management. Houndmills, Basingstoke, Hampshire: Palgrave Macmillan. 2004.

  • Place hold
  • Print
  • Cite
  • Add to your cart (remove)
  • Save record
    BIBTEX Dublin Core MARCXML MARC (non-Unicode/MARC-8) MARC (Unicode/UTF-8) MARC (Unicode/UTF-8, Standard) MODS (XML) RIS
  • More searches
    Search for this title in:
    Other Libraries (WorldCat) Other Databases (Google Scholar) Online Stores (Bookfinder.com) Open Library (openlibrary.org)

Exporting to Dublin Core...

SOUTHVILLE LIBRARY

Southville International School and Colleges Library

1281 Tropical Ave. Cor. Luxembourg St., BF Homes International, Las Pinas City

Tel. No. 8256374 / 252358 Loc. 117/146

Powered by Koha